[Event "Holiday Invitational-GM 2019"]
[Site "Charlotte"]
[Date "2019.12.28"]
[Round "4.3"]
[White "Sinha, Sahil"]
[Black "Wang, Justin"]
[Result "1/2-1/2"]
[WhiteElo "2296"]
[BlackElo "2454"]
[Annotator "ChessBase"]
[PlyCount "212"]
[EventDate "2019.12.26"]
[EventType "tourn"]
[EventCountry "USA"]
[SourceTitle "playchess.com"]
[Source "ChessBase"]
[SourceQuality "1"]
[TimeControl "5400+30"]

1. d4 {[%emt 0:00:00]} Nf6 {[%emt 0:00:00]} 2. c4 {[%emt 0:00:00]} e6 {[%emt 0:00:00]} 3. Nc3 {[%emt 0:00:00]} Bb4 {[%emt 0:00:00]} 4. Qc2 {[%emt 0:00:00]} d5 {[%emt 0:01:16]} 5. cxd5 {[%emt 0:01:03]} exd5 {[%emt 0:00:07]} 6. Bg5 {[%emt 0:00:42]} h6 {[%emt 0:02:46]} 7. Bh4 {[%emt 0:00:43]} Be6 {[%emt 0:02:37]} 8. e3 {[%emt 0:01:14]} O-O {[%emt 0:01:25]} 9. Nf3 {[%emt 0:02:05]} Nbd7 {[%emt 0:03:20]} 10. Be2 {[%emt 0:03:43]} c5 {[%emt 0:10:33]} 11. dxc5 {[%emt 0:02:37]} Rc8 {[%emt 0:02:33]} 12. a3 {[%emt 0:02:41]} Bxc3+ {[%emt 0:09:03]} 13. Qxc3 {[%emt 0:00:16]} g5 {[%emt 0:05:32]} 14. Bg3 {[%emt 0:00:16]} Ne4 {[%emt 0:04:06]} 15. Qd4 {[%emt 0:02:07]} Ndxc5 {[%emt 0:05:23]} 16. Rd1 {[%emt 0:01:23]} h5 {[%emt 0:05:03]} 17. Nd2 {[%emt 0:09:06]} Nxd2 {[%emt 0:12:50]} 18. Qxd2 {[%emt 0:01:03]} h4 {[%emt 0:01:07]} 19. Be5 {[%emt 0:01:39]} Qe7 {[%emt 0:08:35]} 20. O-O {[%emt 0:04:37]} b6 {[%emt 0:04:13]} 21. b4 {[%emt 0:07:57]} Ne4 {[%emt 0:00:14]} 22. Qd3 {[%emt 0:02:20]} Bf5 {[%emt 0:07:41]} 23. Qd4 {[%emt 0:09:32]} Nc3 {[%emt 0:03:08]} 24. Bf3 {[%emt 0:01:16]} Rc4 {[%emt 0:04:02]} 25. Qxc3 {[%emt 0:00:49]} Rxc3 {[%emt 0:00:17]} 26. Bxc3 {[%emt 0:00:02]} Rc8 {[%emt 0:01:01]} 27. Rc1 {[%emt 0:01:42]} Qe6 {[%emt 0:00:43]} 28. h3 {[%emt 0:02:32]} g4 {[%emt 0:01:00]} 29. hxg4 {[%emt 0:00:37]} Bxg4 {[%emt 0:00:06]} 30. Bd4 {[%emt 0:06:18]} Bxf3 {[%emt 0:00:07]} 31. gxf3 {[%emt 0:00:46]} Rxc1 {[%emt 0:02:43]} 32. Rxc1 {[%emt 0:00:01]} Qf5 {[%emt 0:01:06]} 33. Kg2 {[%emt 0:00:54]} Kf8 {[%emt 0:01:41]} 34. Rc7 {[%emt 0:02:09]} h3+ {[%emt 0:01:21]} 35. Kg3 {[%emt 0:00:02]} h2 {[%emt 0:00:46]} 36. Kxh2 {[%emt 0:00:15]} Qxf3 {[%emt 0:00:10]} 37. Kg1 {[%emt 0:01:16]} Qd1+ {[%emt 0:00:01]} 38. Kg2 {[%emt 0:00:07]} Qa4 {[%emt 0:00:21]} 39. Bf6 {[%emt 0:01:25]} Kg8 {[%emt 0:00:11]} 40. Rc3 {[%emt 0:02:53]} Qd7 {[%emt 0:00:06]} 41. f3 {[%emt 0:00:59]} b5 {[%emt 0:01:17]} 42. Bd4 {[%emt 0:01:26]} a6 {[%emt 0:00:17]} 43. Kg3 {[%emt 0:01:13]} Qd6+ {[%emt 0:00:10]} 44. Kg2 {[%emt 0:02:26]} Qd7 {[%emt 0:00:30]} 45. Kg3 {[%emt 0:00:23]} Kh7 {[%emt 0:00:02]} 46. Rc5 {[%emt 0:02:10]} Kg6 {[%emt 0:00:14]} 47. Kf2 {[%emt 0:03:09]} Qd6 {[%emt 0:00:44]} 48. Ke2 {[%emt 0:00:22]} Kh7 {[%emt 0:00:34]} 49. Kd3 {[%emt 0:00:27]} Qg6+ {[%emt 0:01:13]} 50. e4 {[%emt 0:04:39]} dxe4+ {[%emt 0:00:15]} 51. fxe4 {[%emt 0:00:02]} Qg2 {[%emt 0:00:55]} 52. Rc2 {[%emt 0:03:18]} Qf1+ {[%emt 0:00:03]} 53. Kd2 {[%emt 0:00:31]} Qf3 {[%emt 0:00:45]} 54. e5 {[%emt 0:06:40]} Qxa3 {[%emt 0:00:19]} 55. Bc3 {[%emt 0:01:11]} Qb3 {[%emt 0:00:02]} 56. Rc1 {[%emt 0:00:05]} Qd5+ {[%emt 0:00:39]} 57. Ke3 {[%emt 0:00:13]} Qc4 {[%emt 0:00:26]} 58. Rc2 {[%emt 0:00:58]} a5 {[%emt 0:00:59]} 59. bxa5 {[%emt 0:00:15]} b4 {[%emt 0:00:25]} 60. Rh2+ {[%emt 0:00:05]} Kg6 {[%emt 0:01:11]} 61. Bd4 {[%emt 0:00:23]} Qb3+ {[%emt 0:00:56]} 62. Ke4 {[%emt 0:00:41]} Qb1+ {[%emt 0:00:05]} 63. Kd5 {[%emt 0:00:02]} Qf1 {[%emt 0:00:21]} 64. Kc5 {[%emt 0:01:31]} b3 {[%emt 0:01:19]} 65. Rb2 {[%emt 0:01:00]} Qd3 {[%emt 0:00:07]} 66. a6 {[%emt 0:00:25]} Qxa6 {[%emt 0:00:08]} 67. Rxb3 {[%emt 0:00:01]} Qc8+ {[%emt 0:00:10]} 68. Kb4 {[%emt 0:00:32]} Kf5 {[%emt 0:00:14]} 69. Bc3 {[%emt 0:01:53]} Ke4 {[%emt 0:00:32]} 70. Rb2 {[%emt 0:00:36]} Qb7+ {[%emt 0:00:20]} 71. Kc4 {[%emt 0:00:16]} Qc6+ {[%emt 0:00:37]} 72. Kb4 {[%emt 0:00:20]} Qa6 {[%emt 0:01:01]} 73. Rd2 {[%emt 0:00:13]} Qb6+ {[%emt 0:00:52]} 74. Kc4 {[%emt 0:00:09]} Qc6+ {[%emt 0:00:08]} 75. Kb4 {[%emt 0:00:08]} Qb7+ {[%emt 0:01:09]} 76. Kc4 {[%emt 0:00:09]} Qc7+ {[%emt 0:00:01]} 77. Kb4 {[%emt 0:00:10]} Ke3 {[%emt 0:00:54]} 78. Rd6 {[%emt 0:00:18]} Qb7+ {[%emt 0:00:28]} 79. Kc4 {[%emt 0:00:09]} Qc8+ {[%emt 0:00:37]} 80. Kb4 {[%emt 0:00:13]} Qb8+ {[%emt 0:00:19]} 81. Kc4 {[%emt 0:00:06]} Qb1 {[%emt 0:00:04]} 82. Rd2 {[%emt 0:00:35]} Qf1+ {[%emt 0:00:45]} 83. Kb4 {[%emt 0:00:18]} Qf4+ {[%emt 0:00:34]} 84. Kb3 {[%emt 0:00:13]} Qe4 {[%emt 0:00:34]} 85. Rd6 {[%emt 0:00:48]} Qb1+ {[%emt 0:00:07]} 86. Kc4 {[%emt 0:00:27]} Qa2+ {[%emt 0:00:10]} 87. Kb4 {[%emt 0:00:19]} Ke4 {[%emt 0:00:49]} 88. Rd2 {[%emt 0:00:15]} Qb1+ {[%emt 0:00:20]} 89. Kc4 {[%emt 0:00:17]} Qb7 {[%emt 0:00:46]} 90. Re2+ {[%emt 0:00:16]} Kf3 {[%emt 0:00:10]} 91. Rd2 {[%emt 0:00:27]} Qc7+ {[%emt 0:00:13]} 92. Kb3 {[%emt 0:01:41]} Ke3 {[%emt 0:00:23]} 93. Kc2 {[%emt 0:00:57]} Qc4 {[%emt 0:00:53]} 94. Kb2 {[%emt 0:00:54]} Ke4 {[%emt 0:00:32]} 95. Rd6 {[%emt 0:01:33]} Qb5+ {[%emt 0:00:03]} 96. Kc2 {[%emt 0:00:14]} Qc5 {[%emt 0:00:44]} 97. Rd2 {[%emt 0:01:23]} Qc4 {[%emt 0:00:12]} 98. Kb2 {[%emt 0:00:18]} Qb5+ {[%emt 0:00:32]} 99. Kc2 {[%emt 0:00:06]} Qa4+ {[%emt 0:00:22]} 100. Kb2 {[%emt 0:00:16]} Qa8 {[%emt 0:00:08]} 101. Rd4+ {[%emt 0:00:56]} Ke3 {[%emt 0:00:19]} 102. Rd2 {[%emt 0:00:03]} Qa7 {[%emt 0:01:30]} 103. Kb3 {[%emt 0:00:34]} Qb7+ {[%emt 0:00:44]} 104. Kc2 {[%emt 0:00:07]} Qb5 {[%emt 0:00:04]} 105. Rd6 {[%emt 0:01:43]} Qc4 {[%emt 0:00:11]} 106. Kb2 {[%emt 0:01:15]} Qb5+ {[%emt 0:00:20]} 1/2-1/2

[Event "Holiday Invitational-GM 2019"]
[Site "Charlotte"]
[Date "2019.12.28"]
[Round "4.4"]
[White "Iotov, Valentin"]
[Black "Karthik Venkataraman"]
[Result "1/2-1/2"]
[WhiteElo "2516"]
[BlackElo "2470"]
[Annotator "ChessBase"]
[PlyCount "53"]
[EventDate "2019.12.26"]
[EventType "tourn"]
[EventCountry "USA"]
[SourceTitle "playchess.com"]
[Source "ChessBase"]
[SourceQuality "1"]
[TimeControl "5400+30"]

1. c4 {[%emt 0:00:00]} c5 {[%emt 0:00:00]} 2. Nf3 {[%emt 0:00:01]} Nc6 {[%emt 0:00:00]} 3. Nc3 {[%emt 0:00:08]} g6 {[%emt 0:00:05]} 4. e3 {[%emt 0:04:52]} Nf6 {[%emt 0:00:06]} 5. d4 {[%emt 0:00:04]} cxd4 {[%emt 0:00:05]} 6. exd4 {[%emt 0:00:04]} d5 {[%emt 0:00:04]} 7. cxd5 {[%emt 0:00:21]} Nxd5 {[%emt 0:00:05]} 8. Qb3 {[%emt 0:00:05]} e6 {[%emt 0:00:04]} 9. Bb5 {[%emt 0:07:43]} Bg7 {[%emt 0:00:10]} 10. O-O {[%emt 0:00:19]} O-O {[%emt 0:00:04]} 11. Bxc6 {[%emt 0:00:42]} bxc6 {[%emt 0:00:04]} 12. Na4 {[%emt 0:01:16]} Qd6 {[%emt 0:00:34]} 13. Re1 {[%emt 0:03:18]} Rb8 {[%emt 0:00:09]} 14. Qd1 {[%emt 0:03:37]} Ne7 {[%emt 0:09:24]} 15. Re4 {[%emt 0:28:11]} Qd5 {[%emt 0:07:42]} 16. Nc3 {[%emt 0:16:46]} Qa5 {[%emt 0:02:01]} 17. Qa4 {[%emt 0:01:54]} Qxa4 {[%emt 0:07:24]} 18. Nxa4 {[%emt 0:00:02]} Nf5 {[%emt 0:00:05]} 19. b3 {[%emt 0:02:10]} Rd8 {[%emt 0:00:12]} 20. Bb2 {[%emt 0:00:06]} Rb4 {[%emt 0:04:08]} 21. Rd1 {[%emt 0:01:33]} Rb5 {[%emt 0:21:57]} 22. Nc3 {[%emt 0:03:51]} Rb7 {[%emt 0:02:09]} 23. Ba3 {[%emt 0:00:25]} Rbd7 {[%emt 0:02:41]} 24. Bc5 {[%emt 0:00:05]} Nd6 {[%emt 0:00:54]} 25. Re3 {[%emt 0:04:30]} Nf5 {[%emt 0:00:33]} 26. Re4 {[%emt 0:03:26]} Nd6 {[%emt 0:00:05]} 27. Re3 {[%emt 0:00:37]} 1/2-1/2

[Event "Holiday Invitational-GM 2019"]
[Site "Charlotte"]
[Date "2019.12.28"]
[Round "4.5"]
[White "Steingrimsson, Hedinn"]
[Black "Balakrishnan, Praveen"]
[Result "1/2-1/2"]
[WhiteElo "2530"]
[BlackElo "2466"]
[Annotator "RC"]
[PlyCount "165"]
[EventDate "2019.12.26"]
[EventType "tourn"]
[EventCountry "USA"]
[SourceTitle "playchess.com"]
[Source "ChessBase"]
[SourceQuality "1"]
[TimeControl "5400+30"]

1. d4 {[%emt 1:30:30]} Nf6 {[%emt 0:01:21]} 2. c4 {[%emt 0:00:00]} g6 {[%emt 0:00:15]} 3. Nc3 {[%emt 0:00:00]} Bg7 {[%emt 0:00:09]} 4. e4 {[%emt 0:00:00]} d6 {[%emt 0:00:07]} 5. Be2 {[%emt 0:00:00]} O-O {[%emt 0:00:07]} 6. Be3 {[%emt 0:00:00]} e5 {[%emt 0:02:45]} 7. d5 {[%emt 0:00:00]} a5 {[%emt 0:09:36]} 8. g4 {[%emt 0:00:00]} Nfd7 {[%emt 0:05:02]} 9. h4 {[%emt 0:00:00]} Nc5 {[%emt 0:07:21]} 10. h5 {[%emt 0:00:00]} g5 {[%emt 0:13:54]} 11. Qd2 {[%emt 0:00:00]} h6 {[%emt 0:02:10]} 12. f3 {[%emt 0:00:00]} Bd7 {[%emt 0:08:58]} 13. Nh3 {[%emt 0:00:00]} Na4 {[%emt 0:04:46]} 14. Nd1 {[%emt 0:00:00]} c5 {[%emt 0:05:03]} 15. O-O {[%emt 0:00:00]} Nb6 {[%emt 0:01:57]} 16. Nhf2 {[%emt 0:00:00]} Ra7 {[%emt 0:06:14]} 17. Nh1 {[%emt 0:00:00]} Na8 {[%emt 0:07:39]} 18. Qe1 {[%emt 0:00:00]} Nc7 {[%emt 0:03:26]} 19. Bd2 {[%emt 0:00:00]} b6 {[%emt 0:02:41]} 20. Ne3 {[%emt 0:00:00]} Nba6 {[%emt 0:00:38]} 21. Ng3 {[%emt 0:00:00]} Re8 {[%emt 0:05:57]} 22. Rb1 {[%emt 0:00:00]} Qa8 {[%emt 0:00:56]} 23. b3 {[%emt 0:00:00]} Rb8 {[%emt 0:02:06]} 24. a3 {[%emt 0:00:00]} Bf8 {[%emt 0:00:51]} 25. Bd3 {[%emt 0:00:00]} Rbb7 {[%emt 0:01:56]} 26. Rb2 {[%emt 0:00:00]} Qd8 {[%emt 0:00:25]} 27. Qe2 {[%emt 0:00:00]} Qb8 {[%emt 0:00:23]} 28. Rfb1 {[%emt 0:00:00]} Qd8 {[%emt 0:00:12]} 29. Qe1 {[%emt 0:00:00]} Qb8 {[%emt 0:00:13]} 30. Be2 {[%emt 0:00:00]} Qd8 {[%emt 0:00:21]} 31. Kh2 {[%emt 0:00:00]} Qb8 {[%emt 0:00:35]} 32. Kh3 {[%emt 0:00:00]} Qd8 {[%emt 0:00:17]} 33. Qc1 {[%emt 0:00:00]} Qb8 {[%emt 0:00:24]} 34. Qg1 {[%emt 0:00:00]} Qd8 {[%emt 0:00:12]} 35. Nc2 {[%emt 0:00:00]} Qe8 {[%emt 0:03:16]} 36. Be3 {[%emt 0:00:00]} Na8 {[%emt 0:02:39]} 37. Bf1 {[%emt 0:03:13]} Qc8 {[%emt 0:00:36]} 38. Qf2 {[%emt 0:00:44]} Qe8 {[%emt 0:00:22]} 39. Be2 {[%emt 0:02:55]} Qc8 {[%emt 0:00:07]} 40. Qg1 {[%emt 0:00:01]} Qe8 {[%emt 0:00:08]} 41. Ra2 {[%emt 0:00:15]} Qc8 {[%emt 0:01:36]} 42. Qf1 {[%emt 0:00:56]} N8c7 {[%emt 0:00:44]} 43. Qg1 {[%emt 0:01:00]} Na8 {[%emt 0:00:05]} 44. Rba1 {[%emt 0:00:37]} Qb8 {[%emt 0:01:21]} 45. Qe1 {[%emt 0:00:37]} N8c7 {[%emt 0:00:25]} 46. b4 {[%emt 0:01:02]} axb4 {[%emt 0:00:44]} 47. axb4 {[%emt 0:00:00]} cxb4 {[%emt 0:01:16]} 48. Nxb4 {[%emt 0:00:02]} Nc5 {[%emt 0:00:41]} 49. Qb1 {[%emt 0:00:02]} Rxa2 {[%emt 0:00:39]} 50. Qxa2 {[%emt 0:00:05]} Qe8 {[%emt 0:00:22]} 51. Rb1 {[%emt 0:04:45]} Rb8 {[%emt 0:00:50]} 52. Nc2 {[%emt 0:01:25]} Qc8 {[%emt 0:00:33]} 53. Rb2 {[%emt 0:00:33]} Na4 {[%emt 0:00:33]} 54. Rb3 {[%emt 0:00:32]} Na6 {[%emt 0:00:20]} 55. Bf1 {[%emt 0:01:07]} N4c5 {[%emt 0:00:35]} 56. Rb1 {[%emt 0:01:35]} Na4 {[%emt 0:00:09]} 57. Qa3 {[%emt 0:00:38]} N4c5 {[%emt 0:00:35]} 58. Bg1 {[%emt 0:00:21]} Be7 {[%emt 0:00:26]} 59. Ne3 {[%emt 0:00:16]} Bf8 {[%emt 0:00:20]} 60. Be2 {[%emt 0:00:24]} Be7 {[%emt 0:00:29]} 61. Ngf5 {[%emt 0:00:41]} Bf8 {[%emt 0:00:06]} 62. Bf2 {[%emt 0:00:05]} Kh7 {[%emt 0:00:21]} 63. Ng3 {[%emt 0:00:31]} Kg8 {[%emt 0:00:06]} 64. Nd1 {[%emt 0:00:08]} Na4 {[%emt 0:00:35]} 65. Qc1 {[%emt 0:00:31]} Be7 {[%emt 0:00:35]} 66. Ne3 {[%emt 0:00:37]} Bf8 {[%emt 0:00:21]} 67. Bd1 {[%emt 0:00:32]} N4c5 {[%emt 0:00:18]} 68. Bc2 {[%emt 0:00:07]} Qc7 {[%emt 0:01:48]} 69. Nd1 {[%emt 0:00:32]} Qd8 {[%emt 0:00:35]} 70. Nc3 {[%emt 0:00:18]} Qf6 {[%emt 0:00:10]} 71. Kg2 {[%emt 0:00:07]} Qd8 {[%emt 0:00:13]} 72. Qa3 {[%emt 0:00:31]} Ra8 {[%emt 0:00:31]} 73. Qb2 {[%emt 0:00:03]} Rb8 {[%emt 0:00:07]} 74. Ra1 {[%emt 0:00:05]} Qc8 {[%emt 0:00:44]} 75. Qb1 {[%emt 0:01:20]} Be8 {[%emt 0:01:14]} 76. Ra2 {[%emt 0:00:08]} Bd7 {[%emt 0:00:20]} 77. Rb2 {[%emt 0:00:22]} Qc7 {[%emt 0:00:14]} 78. Nf1 {[%emt 0:00:13]} Be7 {[%emt 0:00:27]} 79. Ne3 {[%emt 0:00:04]} Bf8 {[%emt 0:00:29]} 80. Ra2 {[%emt 0:01:06]} Qc8 {[%emt 0:00:23]} 81. Rb2 {[%emt 0:01:13]} Qc7 {[%emt 0:00:07]} 82. Qd1 {[%emt 0:00:04]} Qc8 {[%emt 0:00:50]} 83. Qb1 {[%emt 0:01:40]} 1/2-1/2

[Event "Holiday Invitational-GM 2019"]
[Site "Charlotte"]
[Date "2019.12.29"]
[Round "5.1"]
[White "Wang, Justin"]
[Black "Jacobson, Brandon"]
[Result "1/2-1/2"]
[WhiteElo "2454"]
[BlackElo "2472"]
[Annotator "TA"]
[PlyCount "75"]
[EventDate "2019.12.26"]
[EventType "tourn"]
[EventCountry "USA"]
[SourceTitle "playchess.com"]
[Source "ChessBase"]
[SourceQuality "1"]

{[%evp 17,75,0,11,0,0,0,0,0,0,0,0,0,0,9,26,7,30,12,18,0,33,0,0,-16,-21,-21,-28,-28,0,0,0,0,0,0,0,0,55,29,28,36,83,64,85,89,218,346,357,362,355,336,345,345,277,308,201,12,12,0,0,0]} 1. e4 g6 2. d4 Bg7 3. Nf3 d6 4. Nc3 Nf6 5. Be2 O-O 6. O-O c5 7. d5 e6 8. dxe6 Bxe6 9. Ng5 Nc6 10. Nxe6 {A43: Schmid Benoni} fxe6 11. Be3 Qe7 12. g3 $146 ({Predecessor:} 12. Qd2 Rad8 13. Rae1 a6 14. a4 Nd7 15. f4 Nb6 16. b3 d5 17. exd5 exd5 {½-½ (39) Burmakin,V (2603)-Iljiushenok,I (2415) Moscow 2011}) 12... Rad8 13. Bf3 Nd7 14. Bg2 Nb6 15. Rb1 Kh8 16. Kh1 d5 17. exd5 exd5 {Hoping for ...d4.} 18. Bf4 h6 19. Qg4 (19. Nxd5 Nxd5 20. Bxd5 c4 $1 $17 {[%mdl 512]}) 19... g5 20. Rbe1 (20. Bd2 {looks sharper.} Nb4 21. Rbe1 Qd7 22. Qd1 Qf5 23. Re7) 20... Qd7 21. Qxd7 Rxd7 22. Bc1 Nd4 23. Rd1 Rfd8 24. Be3 Nc4 25. Bc1 Nb6 26. Be3 a6 (26... Nc4 $11) 27. b4 (27. b3 {feels hotter.} Rc7 28. Rc1 g4 29. Rfd1 Rc6 30. h3) 27... Nc4 28. Nxd5 ({Of course not} 28. bxc5 Nf5 $15) 28... Nxe3 29. fxe3 Nxc2 30. bxc5 Rxd5 (30... Nb4 $16) 31. Rxd5 $18 Rxd5 32. Bxd5 Nxe3 33. Rb1 Nxd5 34. Rxb7 Be5 35. Kg2 g4 {[#]} 36. c6 $2 (36. Rd7 $1 $18 {[%cal Rd7d8]} Nb4 37. Kf2) 36... Bc7 $1 $11 37. a4 Kg7 38. a5 {Accuracy: White = 62%, Black = 60%.} 1/2-1/2

[Event "Holiday Invitational-GM 2019"]
[Site "Charlotte"]
[Date "2019.12.29"]
[Round "5.3"]
[White "Balakrishnan, Praveen"]
[Black "Iotov, Valentin"]
[Result "1-0"]
[WhiteElo "2466"]
[BlackElo "2516"]
[Annotator "TA"]
[PlyCount "88"]
[EventDate "2019.12.26"]
[EventType "tourn"]
[EventCountry "USA"]
[SourceTitle "playchess.com"]
[Source "ChessBase"]
[SourceQuality "1"]

{[%evp 13,88,0,0,0,0,0,33,28,31,22,27,22,33,23,33,35,38,20,28,32,33,29,32,13,16,15,18,18,18,18,18,18,21,18,21,21,21,21,21,21,21,20,21,17,43,42,34,45,46,51,62,62,75,75,69,75,75,75,75,75,75,75,100,129,147,158,475,462,501,467,700,703,837,821,819,787,1392]} 1. d4 Nf6 2. Nf3 e6 3. Bf4 d5 4. e3 c5 5. c3 Nc6 {[%cal Bb8c6,Bc6e7,Be7f5][%mdl 32]} 6. Nbd2 Bd6 7. Bg3 O-O 8. Bb5 {D02: 1 d4 d5 2 Nf3 sidelines, including 2...Nf6 3 g3 and 2...Nf6 3 Bf4} Ne7 9. Bd3 Nf5 10. Bxd6 {White is slightly better.} Qxd6 11. O-O b6 12. e4 $146 ({Predecessor:} 12. Ne5 Qc7 13. Qf3 Nd6 14. Qf4 Bb7 15. f3 Nd7 {0-1 (52) Melkumyan,H (2640)-Gajewski,G (2605) Warsaw 2016}) 12... dxe4 13. Nxe4 Nxe4 14. Bxe4 Rb8 15. Qc2 cxd4 16. Bxf5 exf5 17. Nxd4 g6 18. Qa4 Qc7 19. Qc6 Qxc6 20. Nxc6 Rb7 21. Rfe1 Bd7 22. Nd4 Rc8 23. Re5 Rc5 24. Rae1 Kg7 25. f4 Rbc7 26. Re7 Kf6 27. R1e5 a6 28. Kf2 Rc4 29. Ke3 R4c5 30. g3 Rxe5+ 31. Rxe5 $14 {[%mdl 4096] Endgame KRB-KRN} Be6 32. a4 {[%cal Ba2a4,Ba4a5][%mdl 32]} Rc4 33. a5 b5 34. Kd3 Ke7 35. b4 Kd6 36. Nb3 $1 Rc8 37. Nc5 Bc4+ 38. Kd4 Ra8 39. Nb7+ $1 Kd7 $2 {[#]} (39... Kc6 $16 {is tougher.} 40. Re7 Rb8) 40. Kc5 $1 $18 {White is clearly winning.} f6 41. Re1 Rb8 {[#]} (41... Rc8+ $142 42. Kb6 Rc6+ 43. Ka7 Rc8 44. Nc5+ Kc6) 42. Kb6 $1 Bd5 43. Rd1 Ke6 44. Kxa6 Bxb7+ {Accuracy: White = 90%, Black = 60%.} 1-0

[Event "Holiday Invitational-GM 2019"]
[Site "Charlotte"]
[Date "2019.12.29"]
[Round "5.4"]
[White "Mishra, Abhimanyu"]
[Black "Sinha, Sahil"]
[Result "0-1"]
[WhiteElo "2397"]
[BlackElo "2296"]
[Annotator "TA"]
[PlyCount "58"]
[EventDate "2019.12.26"]
[EventType "tourn"]
[EventCountry "USA"]
[SourceTitle "playchess.com"]
[Source "ChessBase"]
[SourceQuality "1"]

{[%evp 9,86,27,34,26,20,19,20,22,39,20,20,16,42,26,31,-26,0,-37,-43,-62,0,0,0,0,0,-104,-71,-117,-108,-130,-125,-98,-97,-224,-221,-394,-408,-410,-413,-402,-400,-401,-371,-395,-401,-450,-447,-441,-447,-437,-420,-783,-799,-1783,-1786,-1747,-1695,-12839,-917,-29955,-5828,-2590,-1525,-29968,-29969,-6855,-6149,-6333,-6755,-29988,-29989,-29991,-29984,-29984,-29985,-29985,-29986,-29985,-29986]} 1. e4 c5 2. Nf3 d6 3. d4 cxd4 4. Qxd4 a6 5. Be2 Nc6 6. Qe3 {B53: Sicilian: 2...d6: Lines with Qxd4} g6 7. O-O Bg7 8. c4 {The position is equal.} Nf6 9. h3 O-O 10. Nc3 Nd7 11. Rb1 Nde5 12. Nd2 $146 (12. Rd1 $14) ({Predecessor:} 12. Rd1 Nxf3+ 13. Bxf3 f5 14. exf5 Bxf5 {0-1 (30) Svidler,P (2727)-Karjakin,S (2762) Baku 2015}) 12... f5 $11 13. f4 {[#]} Ng4 $1 {[%mdl 512]} 14. Qg3 $1 ({Avoid the trap} 14. hxg4 $2 Bd4 $19) 14... Bd4+ ({Better is} 14... Nf6 $15) 15. Kh1 Nf6 $36 {[%mdl 2048] Black has good play.} 16. Bf3 e5 17. Nd5 (17. Nb3 $1 $11 {keeps the balance.}) 17... exf4 18. Qxf4 Nxd5 19. exd5 Be5 20. Qe3 Nd4 21. Nb3 (21. b4 $17) 21... f4 $19 22. Qd3 $2 (22. Qf2 {was worth a try.} Nxf3 23. Qxf3) 22... Nf5 {aiming for ...Ng3+.} 23. Qd1 Ng3+ {[%mdl 64] Double Attack} 24. Kh2 Bf5 25. Ra1 Nxf1+ 26. Qxf1 a5 {[%cal Ba6a5,Ba5a4,Ba4a3][%mdl 32]} 27. c5 a4 28. Nd2 a3 29. Nc4 Qf6 {Played: Be5-d4} 0-1

[Event "Holiday Invitational-GM 2019"]
[Site "Charlotte"]
[Date "2019.12.29"]
[Round "5.5"]
[White "Karthik Venkataraman"]
[Black "Kaliksteyn, Alexander"]
[Result "1/2-1/2"]
[WhiteElo "2470"]
[BlackElo "2381"]
[Annotator "TA"]
[PlyCount "63"]
[EventDate "2019.12.26"]
[EventType "tourn"]
[EventCountry "USA"]
[SourceTitle "playchess.com"]
[Source "ChessBase"]
[SourceQuality "1"]

{[%evp 18,63,30,0,23,23,29,15,16,16,15,8,13,13,10,10,10,10,15,8,22,0,0,0,23,0,14,5,9,0,7,0,9,10,12,0,0,0,0,0,0,0,0,0,3,0,0,0]} 1. e4 c5 2. Nf3 d6 3. d4 cxd4 4. Nxd4 Nf6 5. Nc3 g6 6. Be3 Bg7 7. Be2 Nc6 8. Qd2 Ng4 9. Bxg4 Bxg4 10. f3 {[#] And now Nxc6 would win.} Be6 {B72: Sicilian Dragon: 6 Be3, lines with h3+Bc4 and sidelines} (10... Bd7 11. h4 Ne5 12. b3 Rc8 13. h5 gxh5 14. Rxh5 Qa5 15. Nd5 Qxd2+ 16. Kxd2 e6 17. Nf4 Ng6 18. Nd3 {1-0 (48) Vachier Lagrave,M (2796)-Jones,G (2665) chess.com INT 2017}) 11. Nd5 Rc8 12. O-O-O $146 ({Predecessor:} 12. c3 Bxd5 13. exd5 Ne5 14. b3 Qa5 15. c4 Nd3+ 16. Ke2 Qxd2+ 17. Kxd2 Nc5 18. Rae1 {½-½ (48) Spagnoli,L (2103)-Oleksak,A (2159) ICCF email 2015}) 12... Qa5 13. Qxa5 Nxa5 14. b3 Nc6 15. Kb1 ({Much weaker is} 15. Nxe6 fxe6 16. Nf4 Nb4 $15) 15... Nxd4 16. Bxd4 Bxd4 17. Rxd4 Bxd5 18. exd5 $11 {[%mdl 4096] Endgame KRR-KRR} Kd7 19. Kb2 Rc5 20. Rhd1 Re8 21. Rb4 b6 {The position is equal.} 22. Rh4 h5 23. Rf4 f5 24. Rfd4 e5 25. dxe6+ $1 Rxe6 26. h4 Rce5 27. R1d2 Kc6 28. Rc4+ Rc5 29. Rcd4 Rce5 30. Rc4+ Rc5 31. Rf4 Rce5 32. Rfd4 {Accuracy: White = 44%, Black = 68%.} 1/2-1/2